La quinta disciplina: cómo impulsar el aprendizaje en la organización inteligente

Sparad:
Bibliografiska uppgifter
Huvudupphovsman: Senge, Peter M (Författare, medförfattare)
Materialtyp: Bok
Språk:spanska
Publicerad: Buenos Aires Granica 2004
Upplaga:2a. ed
Ämnen:
Taggar: Lägg till en tagg
Inga taggar, Lägg till första taggen!

MARC

LEADER 00000cam a2200000 a 4500
001 UCH5638
003 CL-VaPUC
008 091015e20040000AG |||||||||||||||||spa|d
020 |a 9506414300 
082 0 4 |a 658.406  |b SEN  |2 21 
100 0 |a Senge, Peter M  |e author  |9 541935 
245 1 3 |a La quinta disciplina: cómo impulsar el aprendizaje en la organización inteligente 
250 |a 2a. ed 
300 |a 490 p 
942 |c BK 
945 |d 20091015 00:00:00  |a rbrito 
260 |a Buenos Aires  |b Granica  |c 2004 
650 0 |a Administración de empresas   |9 260833 
650 0 |a Cambio organizacional   |9 260741 
650 0 |a Empresas   |9 255569 
650 0 |a Gestión administrativa  |9 375217 
650 0 |a Aprendizaje organizacional  |9 263803 
583 |a last modification  |c 20170822 05:34:16  |k Rodrigo Vera 
999 |c 336743  |d 336741 
952 |0 0  |1 0  |4 0  |6 658_406000000000000_SEN_2004  |7 0  |8 A  |9 428660  |a BIBGIM  |b BIBGIM  |d 2019-11-22  |i 4606477  |o 658.406 SEN 2004  |p 4606477  |r 2025-01-15  |w 2019-11-22  |y BK  |k COM 
952 |0 0  |1 0  |4 0  |6 658_406000000000000_SEN_2004  |7 0  |8 A  |9 428661  |a BIBEDU  |b BIBEDU  |d 2019-11-22  |i 4901428  |o 658.406 SEN 2004  |p 4901428  |r 2019-11-22  |w 2019-11-22  |y BK  |k PSI 
952 |0 0  |1 0  |4 0  |6 658_406000000000000_SEN_2004  |7 0  |8 A  |9 428662  |a BIBEDU  |b BIBEDU  |d 2019-11-22  |i 4901436  |o 658.406 SEN 2004  |p 4901436  |r 2019-11-22  |w 2019-11-22  |y BK  |k PSI